Word 6.0, Excel 5.0 pro Windows príručka pre začínajúcich užívateľov

Bibliographic Details
Main Authors: Schmidt, Peter, 1968- (Author), Antalková, Dagmar (Author), Vlkovič, Peter (Author)
Format: Book
Language:Slovak
PhysicalDescription:59 s. sch., tab. 20 cm
Published: Nové Zámky AZ print 1996
ISBN:8088729076
Subjects:

MARC

LEADER 00000nam a2200000 a 4500
001 vtls001292142
003 SK-MaSNL
005 20260301064947.0
008 240315s1996 xo p r 000 0 slo
015 |a SNBA1998/03-00944 
020 |a 8088729076 
035 |a SNK000243839 
035 |a urn:nbn:sk:snk-amkuam 
035 |a urn:nbn:sk:snk-am004q06 
035 |a A7D325E4-02A8-45E6-B016-13796DC2EB4F 
040 |a SNK  |b slo  |c SNK  |e AACR2 
041 0 |a slo 
044 |a xo  |c SK 
080 |a 681.32.066(035)  |2 1981 
100 1 |a Schmidt, Peter,  |d 1968-  |4 aut  |9 165752 
245 1 0 |a Word 6.0, Excel 5.0 pro Windows  |b príručka pre začínajúcich užívateľov  |c Peter Schmidt a kolektív 
260 |a Nové Zámky  |b AZ print  |c 1996 
300 |a 59 s.  |b sch., tab.  |c 20 cm 
500 |a Obalový názov 
500 |a 1500 výt. 
650 0 7 |a Word 6.0 pro Windows (program počítačový)  |x príručky  |2 SNK  |9 383012 
650 0 7 |a Excel 5.0 pro Windows (program počítačový)  |x príručky  |2 SNK  |9 383013 
650 0 7 |a programy počítačové  |x príručky  |2 SNK  |9 383014 
655 7 |a príručky  |2 SNK  |9 74364 
700 1 |a Antalková, Dagmar  |4 aut  |9 42620 
700 1 |a Vlkovič, Peter  |4 aut  |9 47646 
919 |a 80-88729-07-6 
999 |c 628892  |d 630822 
952 |t P60, <09>, [BOOK], {629}  |a SNK  |b SNK  |y NEVYP  |7 0  |o snkD 435  |i snk3177/970703  |0 0  |1 0  |4 0  |d 1997-07-02  |l 0  |r 2005-01-02 00:00:00  |w 2026-02-23 
952 |t P60, <03>, [BOOK], {603}  |a SNK  |b SNK  |y PREZ  |7 0  |p 17A0075928  |o snkSD 68728  |i snkKSP 6958/97  |0 0  |1 0  |4 0  |d 1997-07-02  |l 0  |r 2005-01-02 00:00:00  |w 2026-02-23 
952 |t P60, <04>, [BOOK], {604}  |a SNK  |b SNK  |y VYP  |7 0  |p 17A0075927  |o snkSD 68728 D1  |i snkKSP 6959/97  |0 0  |1 0  |4 0  |d 1997-07-02  |f 1  |l 0  |r 2005-01-02 00:00:00  |w 2026-02-23